Identidad profesional y trabajo social: creencias y rituales en ciencias sociales
Gardado en:
| Main Authors: | , , |
|---|---|
| Formato: | Libro |
| Idioma: | Lingua castelá |
| Publicado: |
Buenos Aires
Espacio
1997
|
| Series: | Colección Ciencias Sociales
|
| Subjects: | |
| Tags: |
Engadir etiqueta
Sen Etiquetas, Sexa o primeiro en etiquetar este rexistro!
|
MARC
| LEADER | 00000nam a2200000 a 4500 | ||
|---|---|---|---|
| 001 | UCQ5066 | ||
| 003 | CL-VaPUC | ||
| 008 | 980925e19970000AG |||||||||||||||||spa|d | ||
| 082 | 0 | 4 | |a 361.3 |b DIE |2 21 |
| 100 | 0 | |a Diéguez, Alberto J |e author |9 419228 | |
| 700 | 0 | |a Dell'Anno, Amelia |e author |9 419229 | |
| 700 | 0 | |a Cao, José Luis |e author |9 419230 | |
| 245 | 1 | 0 | |a Identidad profesional y trabajo social: creencias y rituales en ciencias sociales |
| 300 | |a 71 p | ||
| 942 | |c BK | ||
| 945 | |d 19980925 00:00:00 |a aarredon | ||
| 260 | |a Buenos Aires |b Espacio |c 1997 | ||
| 650 | 0 | |a Trabajo social |9 307856 | |
| 650 | 0 | |a Identidad |9 336178 | |
| 650 | 0 | |a Formación profesional |9 257232 | |
| 650 | 0 | |a Creencias |9 313510 | |
| 650 | 0 | |a Rituales |9 349198 | |
| 650 | 0 | |a Acción social |9 307836 | |
| 650 | 0 | |a Asistentes sociales |9 402315 | |
| 583 | |a last modification |c 19980925 00:00:00 |k Rodrigo Vera | ||
| 490 | 0 | |a Colección Ciencias Sociales | |
| 999 | |c 275313 |d 275311 | ||
| 952 | |0 0 |1 0 |4 0 |6 361_300000000000000_DIE_1997 |7 0 |8 A |9 311971 |a BIBGIM |b BIBGIM |d 2019-11-20 |i 3464555 |o 361.3 DIE 1997 |p 3464555 |r 2025-01-15 |w 2019-11-20 |y BK |k SSL | ||
| 952 | |0 0 |1 0 |4 0 |6 361_300000000000000_DIE_1997 |7 0 |8 A |9 311972 |a BIBGIM |b BIBGIM |d 2019-11-20 |i 3492052 |o 361.3 DIE 1997 |p 3492052 |r 2025-01-15 |w 2019-11-20 |y BK |k SSL | ||